Malaysian Journal of Computing | UiTM Press

מידע ביבליוגרפי
פורמט: אלקטרוני כתב-עת
שפה:English
יצא לאור: Cambridge University Press
גישה מקוונת:Full text available on Research4Life (HINARI,AGORA,OARE,ARDI & GOALI)
LEADER 00734cas a2200181 a 4500
001 AALejournalResearch4Life010913
008 240902c9999 xx r poo 0 0eng d
022 |a 22317473 
022 |a 26008238 
040 |a BD-DhAAL  |c BD-DhAAL 
245 0 0 |h [electronic resource]  |a Malaysian Journal of Computing | UiTM Press 
260 |b Cambridge University Press 
300 |a 1 online resource 
362 0 |a 2018 - current issue 
500 |a <strong>On-Campus Access Only (IP based access)</strong> 
506 |a Electronic access restricted to authorized BRAC University faculty, staff and students 
538 |a Mode of access: Internet 
856 4 0 |z Full text available on Research4Life (HINARI,AGORA,OARE,ARDI & GOALI)  |u https://mjoc.uitm.edu.my/